000 00178nam a22000977a 4500
041 _aeng
080 _a80
100 _aLewitow, N.
245 _aPsychologia pracy.
999 _c280903
_d280903
942 _cBK